00888nam a22002297a 450000100060000000300080000600500170001400800410003103500200007204000260009204100080011808200210012610000270014724501480017426000640032230000270038650400200041365000600043394200120049399900170050595201360052225693BD-RjUL20211209050920.0140319r19471938enk 001 0 eng d a(BD-RjUL) 25763 aBD-RjULbengcBD-RjUL aeng a942.07bHEN 19471 aHenry , Philip.978926 aNotes of conversations with the Duke of Wellington :b1831-1851 /c Philip Henry Stanhope Stanhope, Earl; Arthur Wellesley Wellington, Duke of aLondon ;aNew York :bOxford University,c[Reprinted 1947]. axxii, 340 p. ;c17 cm. aIncludes index. 0aGreat BritainvHistory, Militaryy19th century. 978927 2ddccBK c25693d25693 00102ddc40728FICaRUCLbRUCLcReadingd1954-10-25eO. U. P.g2.13l0o942.07 HEN 1947r2014-03-19 00:00:00tC-1w2014-03-19yBK